| 000 | 00656nam a22001577a 4500 | ||
|---|---|---|---|
| 003 | OSt | ||
| 005 | 20151006125715.0 | ||
| 008 | 151006b xxu||||| |||| 00| 0 eng d | ||
| 040 | _cRUA | ||
| 082 | _aAVM CHE 1996 B070 Or.1 | ||
| 100 |
_92144 _aCHHEA, BUNTHON. |
||
| 245 | _aChecking up lesions in pig's internal organic at reu sey keo slaughter house, ការត្រួតពិនិត្យស្លាកស្នាមលើសរីរាង្គខាងក្នុងសត្វជ្រូក នៅទីសត្វឃាត ឬស្សីកែវ. | ||
| 260 |
_aphnom phen _bRUA _c1996 |
||
| 300 |
_a46p. _bill. _c29cm. |
||
| 942 |
_2ddc _cAVM |
||
| 999 |
_c2015 _d2015 |
||